| 000 | 00425nam a2200169Ia 4500 | ||
|---|---|---|---|
| 008 | 170705s9999 xx 000 0 und d | ||
| 020 | _a7807300350 | ||
| 245 | 4 | _aThe principal from the black lagoon / | |
| 245 | _cMike Thaler ; pictures by Jared Lee. | ||
| 260 | _aNew York : | ||
| 260 | _bScholastic, | ||
| 260 | _c1993 | ||
| 300 | _aunpaged : | ||
| 300 | _bcolor illustration ; | ||
| 300 | _c20cm. | ||
| 500 | _a330 | ||
| 999 |
_c335526 _d335526 |
||